[Event "1st Charlotte Masters 2021"]
[Site "Charlotte"]
[Date "2021.02.15"]
[Round "5.8"]
[White "Oberoi, Shelev"]
[Black "Resika, Nathan"]
[Result "1-0"]
[WhiteElo "2161"]
[BlackElo "2155"]
[Annotator "TA"]
[PlyCount "157"]
[EventDate "2021.02.12"]
[EventType "swiss"]
[EventCountry "USA"]
[SourceTitle "playchess.com"]
[Source "ChessBase"]
[SourceQuality "1"]

{[%evp 9,157,54,54,-11,39,-13,13,-10,10,17,16,0,0,-15,-21,-24,-21,-21,-19,-14,-14,-41,0,0,0,0,13,-33,-27,-31,-33,-58,-52,-46,0,-52,-65,-94,-115,-74,0,-54,-45,-54,-4,-10,16,16,10,16,17,9,9,11,45,37,54,0,0,0,0,0,0,0,0,0,0,0,0,0,0,-12,6,4,5,0,0,0,5,0,0,-8,0,0,0,0,0,0,0,0,4,0,0,0,0,-6,-7,-8,0,0,0,0,0,0,0,0,0,0,7,0,0,0,0,0,0,0,8,0,5,0,0,0,5,5,22,14,21,18,39,39,149,151,220,220,220,141,213,213,228,236,227,228,236,236,29978,29979,29979,29980,29983,29984]} 1. e4 c5 2. c3 d5 3. exd5 Nf6 4. Qa4+ Nbd7 5. c4 b5 6. Qc2 {[#] B22: Sicilian: 2 c3.} (6. Qxb5 $14 Rb8 7. Qa4) 6... Nb6 $146 ({Predecessor:} 6... bxc4 7. Bxc4 Nb6 8. d3 Nfxd5 9. a3 e6 10. Nf3 Bd6 11. Nc3 O-O 12. b3 Nf4 {1-0 (27) Stevanic,D (2011)-Brcar,A (2107) Ljubljana 2015}) 7. b3 (7. d3 $14) 7... bxc4 8. bxc4 {The position is equal.} e6 9. dxe6 Bxe6 10. a4 Bd6 11. Nf3 Qe7 {aiming for ...Bf5+.} 12. d3 Bxc4+ 13. Be2 Be6 14. O-O O-O 15. Nc3 h6 16. Ne4 Nxe4 17. dxe4 Rac8 18. e5 Bb8 19. Re1 Nd5 20. Bb2 Nb4 21. Qc3 Nd5 22. Qd2 ({White should try} 22. Qc2 $1 $11) 22... Rfd8 $15 23. Red1 Nb4 24. Qc3 Nd5 (24... Rxd1+ $17 25. Rxd1 c4) 25. Qa3 (25. Qd2 $11) 25... Nf4 26. Bf1 Bg4 27. Qe3 Nd5 (27... Rxd1 {is more complex.} 28. Rxd1 Ng6 29. Bc4 Bxf3 30. Qxf3 Bxe5 31. Re1 Qf6) 28. Qe4 Be6 29. Bd3 {Intending Qh7+ and mate.} g6 30. Ba6 Rc6 31. Bc4 Bf5 32. Qe1 Be6 33. Bc1 (33. Qd2 $14 g5 34. Ra3) 33... Nb4 $11 {Hoping for ...Rxd1.} 34. Bxh6 {Bg5 is the strong threat.} Bxc4 35. Bg5 $1 {[%cal Rg5e7]} Rxd1 36. Rxd1 f6 $1 {[%cal Rf6g5]} 37. Bxf6 Rxf6 38. exf6 Qxe1+ ({Avoid the trap} 38... Qxf6 $2 39. Qe8+ Kg7 40. Qxb8 $18) 39. Rxe1 Kf7 40. Rc1 Be2 (40... Bd5 {with more complications.} 41. Rxc5 Bd6 42. Rc8 Kxf6 43. Rc3 Nc6) 41. Rxc5 {With the idea Ne5+.} Kxf6 42. Nd2 Bd3 43. h4 Bd6 44. Ra5 (44. Rc8 {seems wilder.} Be5 45. g3 Ke6 46. g4 Nd5 47. h5) 44... a6 45. Nf3 Be4 (45... Bf5 {is interesting.} 46. g3 Be7 47. Ng5 Bc2 48. Nh7+ Kg7) 46. h5 gxh5 (46... Bd5 {with more complications.} 47. hxg6 Kxg6 48. Ne1 Bc7 49. Rc5 Bb6) 47. Rxh5 Bxf3 48. gxf3 Kg6 49. Rh8 Kf5 50. Rd8 Ke6 51. Kf1 a5 52. Ke2 Nd5 53. Kd3 Bb4 54. Rc8 Ke5 55. Re8+ Kd6 56. Kc4 {And now Rd8+ would win.} Nc3 57. Kb3 Nd5 58. Re4 Bc5 59. Re2 Bb4 60. Rc2 Ke5 61. Rc4 Kd6 62. f4 Be1 63. f3 Bg3 64. Rd4 {Threatens to win with Kc4.} Kc5 65. Rc4+ Kd6 66. f5 Be5 67. Rh4 Bf6 68. Re4 Be5 69. Kc4 Ne7 ({Black should play} 69... Nc7 $14) 70. f4 $16 Bb2 (70... Bg7 $16) 71. Re6+ $18 Kd7 72. Ra6 {Black must now prevent Ra7+.} Nc6 {[#]} (72... Nxf5 $16 {was called for.} 73. Rxa5 Nd6+ 74. Kd5 Ne8) 73. Rb6 $1 {[%cal Rb6b2]} Ba1 74. Kd5 Ne7+ 75. Ke4 Nc6 76. Rb1 Bc3 $2 {[#]} (76... Bf6 $18 77. Rb5 Bh4 78. Rd5+ Kc7) 77. Rd1+ $1 {White mates.} Kc7 78. Rc1 Bb4 79. Kd5 {Weighted Error Value: White=0.12/Black=0.08} 1-0

[Event "1st Charlotte Masters 2021"]
[Site "Charlotte"]
[Date "2021.02.16"]
[Round "6.1"]
[White "Mardov, Dimitar"]
[Black "Mishra, Abhimanyu"]
[Result "1-0"]
[WhiteElo "2265"]
[BlackElo "2354"]
[Annotator "TA"]
[PlyCount "191"]
[EventDate "2021.02.12"]
[EventType "swiss"]
[EventCountry "USA"]
[SourceTitle "playchess.com"]
[Source "ChessBase"]
[SourceQuality "1"]

{[%evp 23,191,0,0,-16,-10,0,0,-2,-2,-18,-2,-2,0,-2,-2,-36,-2,-2,0,-3,0,-8,3,0,35,32,61,85,89,70,93,60,53,52,43,0,0,0,0,0,0,0,0,0,166,166,162,160,158,162,501,485,1082,958,1459,1530,1077,1091,533,148,234,234,172,148,148,148,348,333,325,148,148,148,1423,940,12823,12827,12825,12827,12822,12825,12827,12823,12823,12800,12829,12829,12826,0,10218,7660,420,327,287,141,189,161,12839,12839,12840,121,124,0,12840,181,182,180,189,175,466,12831,12840,12839,12845,12845,12845,12846,12847,12847,12850,27999,27999,27999,27999,27999,27999,27999,27999,27999,27999,27999,27999,27999,27999,27999,27999,27999,27999,27999,27999,27999,27999,27999,27999,27999,27999,27999,27999,27999,27999,27999,27999,27999,27999,27999,27999,27999,27999,27999,27999,27999,27999,27999,27999,27999,27999,27999,27999,27999,27999,27999]} 1. d4 d5 2. c4 c6 3. cxd5 cxd5 4. Nc3 Nf6 5. Nf3 Nc6 6. Bf4 a6 7. a3 Bf5 8. Rc1 e6 9. e3 Rc8 10. Bd3 Bxd3 11. Qxd3 Be7 12. O-O O-O 13. b4 {D13: Slav Defence: Exchange variation without ...Bf5.} b5 14. Nd2 Nd7 15. Nb3 {The position is equal.} Nb6 16. Nc5 Bxc5 {[#]} 17. bxc5 $146 ({Predecessor:} 17. dxc5 Nc4 18. Ne2 Qf6 19. Qc3 Qxc3 20. Rxc3 a5 21. Rb1 axb4 22. axb4 e5 23. Bg3 Ra8 24. f4 exf4 25. Nxf4 {½-½ (25) Foierl,S (1583)-Poeschl,R (1582) Germany 2010}) 17... Nc4 18. Ra1 Qd7 19. Rfb1 Ra8 20. h3 f6 21. Bg3 Rfd8 22. Qe2 e5 23. dxe5 fxe5 (23... d4 $5 {[%cal Rd4c3]} 24. Rd1 Qe6 25. exd4 Nxd4 $11) 24. Bh4 Rf8 25. Rd1 d4 {[#]} 26. a4 $1 Qb7 $1 27. axb5 axb5 28. Rxa8 Rxa8 29. Nd5 Qf7 30. e4 h6 31. Rb1 Rb8 32. Rb3 Kh7 $1 33. Kh2 N4a5 $2 (33... Qg6 $11) 34. Rxb5 $18 Rxb5 35. Qxb5 Qb7 36. Qe2 Nb3 $2 (36... Qb8 {is tougher.} 37. Bg3 Qf8) 37. Qf3 {And now Be7! would win.} Kg8 {[#]} (37... Nxc5 $142 38. Qf5+ Kg8) 38. Be7 $1 {[%mdl 576] Threatening mate with Qf8+. Deflection} Nxe7 (38... Qc8 39. Qxb3) 39. Nxe7+ Qxe7 40. Qxb3+ {[%mdl 4096] Endgame KQ-KQ} Kh7 41. Qd5 $2 (41. c6 $1 $18) 41... Qf6 (41... Qf8 $16) 42. Kg1 $1 {c6 is the strong threat.} Qf4 {intending ...Qc1+.} 43. g3 Qc1+ 44. Kg2 d3 $2 (44... Qc2 $16 {might work better.} 45. Qxe5 d3) 45. Qxd3 Qxc5 46. h4 (46. Qd7 $1 $18) 46... Qe7 47. Qf3 g6 $2 {[%mdl 8192] [#]} (47... Qe8 $16 48. h5 Qe7 49. Qf5+ Kh8 50. Qc8+ Kh7) 48. h5 $1 {[%cal Rh5g6]} gxh5 49. Qxh5 Kg7 50. Qf5 Qd6 51. Kh3 Qe7 52. f4 exf4 53. gxf4 Qd8 54. Qe5+ Kh7 55. Qf5+ Kg7 56. Qg4+ Kh7 57. Qf3 Qd7+ 58. f5 (58. Kg2 $18 {and White stays clearly on top.}) 58... Qd6 59. Qg3 Qa6 (59... Qc6) 60. Kh4 Qc6 61. Qg4 $2 (61. Qe5 $18 Qd7 62. Qf4) 61... Qd6 $16 62. Qg3 $2 {[%mdl 8192]} (62. Qg2 $16) 62... Qc6 $18 {White now steadily converts the win.} 63. Qe3 $2 (63. Qe5 Qd7 64. Qf4) 63... Qf6+ 64. Kg4 Qg7+ 65. Kf3 {Strongly threatening e5.} h5 $2 {[#]} (65... Qf7 66. Qd2 Qf6) 66. Qf4 $1 Qc3+ 67. Kg2 Qc2+ 68. Kg3 Qd1 69. Kh4 Qh1+ 70. Kg5 Qg2+ 71. Kxh5 Qe2+ {White mates.} 72. Kg5 Qg2+ 73. Kf6 Qg7+ 74. Ke6 Qg8+ 75. Kd7 Qg7+ 76. Kd6 Qd4+ 77. Ke6 Qb6+ 78. Qd6 Qb3+ 79. Kf6 Qc3+ 80. e5 Kh6 81. Kf7+ Kg5 82. Qf6+ Kf4 83. e6 Qb3 84. Kg7 Qg3+ 85. Kf8 Qa3+ 86. e7 Qc5 87. Qe6 Qa3 88. Kf7 Qa7 89. f6 Qb7 90. Qd6+ Kf5 91. Qc5+ Kf4 92. Kf8 Qh1 93. e8=Q Qh8+ 94. Ke7 Qh7+ 95. Kd8 Qd3+ 96. Qd7 {Weighted Error Value: White=0.44/Black=0.34} 1-0

[Event "1st Charlotte Masters 2021"]
[Site "Charlotte"]
[Date "2021.02.16"]
[Round "6.2"]
[White "Sinha, Sahil"]
[Black "Yanayt, Eugene"]
[Result "1-0"]
[WhiteElo "2324"]
[BlackElo "2100"]
[Annotator "TA"]
[PlyCount "113"]
[EventDate "2021.02.12"]
[EventType "swiss"]
[EventCountry "USA"]
[SourceTitle "playchess.com"]
[Source "ChessBase"]
[SourceQuality "1"]

{[%evp 24,113,79,65,68,45,56,40,40,71,72,71,64,75,83,77,79,67,70,76,75,58,72,56,66,20,66,26,35,29,44,19,41,8,60,61,77,78,76,38,37,29,62,29,167,113,272,262,272,253,277,271,270,278,267,189,207,145,153,153,174,145,239,74,385,391,479,454,543,512,714,608,653,643,1599,1569,1207,1255,29983,29984,29984,29985,29985,29986,29986,29987,29987,29988,29991,29990,29993,29994]} 1. d4 Nf6 2. c4 g6 3. Nc3 Bg7 4. e4 d6 5. Be2 O-O 6. Nf3 e5 7. O-O Nc6 8. d5 Ne7 9. Ne1 Nd7 10. Be3 f5 11. f3 f4 12. Bf2 g5 13. Rc1 Ng6 {E99: King's Indian: Classical Main Line: 9 Ne1 Nd7 10 f3 f5.} 14. Nb5 b6 15. b4 a6 {White is slightly better.} 16. Nc3 {[%cal Bb5c3,Bc3a4,Ba4c5][%mdl 32]} Rf7 17. c5 bxc5 18. bxc5 Nxc5 19. Bxc5 dxc5 20. Na4 Bf8 21. Nxc5 Bd6 22. Ned3 {[#]} Nf8 $146 ({Predecessor:} 22... Qf6 23. Qa4 Kg7 24. Qc6 Ra7 25. Rb1 h5 26. Rb8 Ne7 27. Qe8 Rf8 28. Qxh5 Ng6 29. Rxc8 Rxc8 {½-½ (37) Arutinian,D (2551)-Nigalidze,G (2474) Tbilisi 2020}) 23. Qb3 Qe7 24. Qc3 h5 25. Nf2 Rg7 26. h3 Kh8 27. Rc2 Nh7 28. Nb3 Qf8 (28... Nf6 $11) 29. Nd2 $14 {aiming for Nc4.} Nf6 30. Nc4 Qe7 31. Nxd6 cxd6 32. Qa3 Bd7 33. Rc7 Rag8 (33... Qf8 $11) 34. Ra7 (34. Bxa6 $6 Qd8 $14) (34. Qxa6 Qd8 $16) ({Better is} 34. Rb1 $18) 34... Qf8 $2 {[#]} (34... Rb8 $16 35. Rc1 (35. Rxa6 Ne8 $16) (35. Qxa6 Qf8 $16) (35. Bxa6 Ne8 $16) 35... Ne8 36. Rxa6 (36. Bxa6 Qd8 $16) 36... Kh7) 35. Rxa6 $18 Bc8 36. Rc6 (36. Qxd6 Bxa6 37. Qxa6 Rg6 $16) (36. Rxd6 Rd7 $14) 36... Bb7 37. Rb6 (37. Qxd6 Bxc6 38. Qxc6 Ra7 $16) (37. Rxd6 Rd7 $14) 37... Rd7 38. Rc1 Qe7 39. Qb4 Bxd5 40. a4 {[%cal Ba2a4,Ba4a5,Ba5a6][%mdl 32]} g4 41. fxg4 ({Worse is} 41. exd5 Nxd5 42. Qb5 Nxb6 $11) 41... hxg4 42. hxg4 (42. exd5 Nxd5 43. Qb5 Nxb6 $14) 42... Be6 {[%cal Rf6g4]} 43. Rcc6 $2 (43. Rc3 $18 {and White stays clearly on top.}) 43... Ne8 $2 {[%mdl 8192]} (43... Bxg4 $16 44. Nxg4 (44. Rxd6 Bxe2 45. Rxf6 Qxb4 $11) 44... Nxg4 45. Bxg4 (45. Rxd6 Rxd6 46. Rxd6 Rg6 $16) 45... Rxg4 46. Rxd6 Rxd6 47. Qxd6 Qxd6 48. Rxd6 f3) 44. a5 f3 45. Bxf3 Qh4 46. a6 Rf7 47. Qd2 Rgf8 48. Rb7 Rxf3 49. gxf3 Rxf3 50. Rc3 Bxg4 51. Rxf3 {White mates.} Bxf3 52. Kf1 Bxe4 53. Nxe4 Qh1+ 54. Kf2 Qh2+ 55. Kf3 Qh5+ 56. Kg3 d5 {[#]} 57. Qh2 $1 {Weighted Error Value: White=0.21/Black=0.48} 1-0

[Event "1st Charlotte Masters 2021"]
[Site "Charlotte"]
[Date "2021.02.15"]
[Round "6.3"]
[White "Wu, Rochelle"]
[Black "Liang, Jason"]
[Result "0-1"]
[WhiteElo "2095"]
[BlackElo "2342"]
[Annotator "TA"]
[PlyCount "58"]
[EventDate "2021.02.12"]
[EventType "swiss"]
[EventCountry "USA"]
[SourceTitle "playchess.com"]
[Source "ChessBase"]
[SourceQuality "1"]

{[%evp 15,58,7,7,15,29,41,43,38,36,13,11,11,8,-16,0,-45,0,-13,0,-170,-166,-293,-292,-407,-420,-406,-417,-412,-414,-453,-458,-462,-447,-1115,-1091,-1206,-1185,-1058,-995,-914,-914,-907,-907,-907,-790]} 1. d4 d5 2. c4 c6 3. cxd5 cxd5 4. Bf4 Nc6 5. e3 Nf6 6. Nc3 a6 7. Rc1 Bf5 8. Nf3 Rc8 9. Be2 {D13: Slav Defence: Exchange variation without ...Bf5.} Nh5 10. Be5 {Strongly threatening Nh4.} e6 11. O-O {White is slightly better.} Be7 {[#]} 12. Qb3 $146 ({Predecessor:} 12. Na4 O-O 13. h3 Nf6 14. Qb3 Nxe5 15. dxe5 Nd7 16. Nd4 Rxc1 17. Rxc1 b5 18. Nxf5 exf5 {½-½ (46) Fuss,H (1618)-Hansen,M (1824) GER email 2014}) 12... Na5 {[%cal Ra5b3]} 13. Qa4+ Nc6 14. a3 O-O 15. b4 Nf6 (15... f6 $5 {[%cal Rf6e5]} 16. Bg3 g5 $11) 16. Qb3 Ne4 17. Bf4 $2 (17. Qb2 $11 {and White has nothing to worry.}) 17... g5 $19 18. Nxe4 (18. Bg3 $142) 18... dxe4 19. Ne5 gxf4 20. Nxc6 Rxc6 ({But not} 20... bxc6 21. Bxa6 Rc7 22. exf4 $19) 21. Rxc6 bxc6 22. Bxa6 Bd6 {Black is clearly winning.} 23. Rc1 Qg5 24. Rxc6 {[#]} (24. Bf1 $142 Rc8 25. Rc4) 24... Bh3 $1 {[%csl Gh3][%cal Rg5g2]} 25. Bf1 {[#]} (25. Kf1 Qxg2+) 25... f3 $1 {[%cal Rf3g2]} 26. g3 Bxf1 27. Kxf1 Qb5+ 28. Qc4 Qxc4+ 29. Rxc4 Ra8 {Weighted Error Value: White=0.66/Black=0.03} 0-1

[Event "1st Charlotte Masters 2021"]
[Site "Charlotte"]
[Date "2021.02.16"]
[Round "6.4"]
[White "Colas, Joshua"]
[Black "Oberoi, Shelev"]
[Result "1-0"]
[WhiteElo "2280"]
[BlackElo "2161"]
[Annotator "TA"]
[PlyCount "143"]
[EventDate "2021.02.12"]
[EventType "swiss"]
[EventCountry "USA"]
[SourceTitle "playchess.com"]
[Source "ChessBase"]
[SourceQuality "1"]

{[%evp 13,143,0,0,3,3,-2,-12,-32,-31,-37,-32,-31,-31,-35,-14,-35,-12,-13,0,0,25,14,48,37,43,28,34,8,22,33,41,35,47,2,6,0,55,25,25,20,22,58,34,43,70,52,36,29,28,37,58,0,0,0,0,0,0,0,0,0,0,0,0,-40,-30,-25,-15,-15,-7,-8,-7,-272,-20,-27,0,0,0,0,33,35,148,150,155,149,181,145,141,75,154,147,154,149,224,217,175,95,126,125,106,98,100,106,207,201,210,193,454,445,435,347,600,593,12834,10385,12838,12839,12835,12833,12842,12843,12845,12843,12845,12844,12848,12848,12849,12849,12850,12850,12850,27999]} 1. Nf3 d5 2. d4 Nf6 3. g3 c6 4. Bg2 Bf5 5. O-O h6 6. b3 Nbd7 7. Bb2 e6 8. c4 {D02: 1 d4 d5 2 Nf3 sidelines, including 2...Nf6 3 g3 and 2...Nf6 3 Bf4.} Be7 9. Nfd2 b5 {[#]} 10. Nc3 $146 {[%cal Bb1c3,Bc3d1,Bd1b2][%mdl 32] The position is equal.} ({Predecessor:} 10. Na3 bxc4 11. bxc4 Rb8 12. Nb3 a5 13. Qc1 a4 14. Nd2 Bb4 15. Rd1 Qa5 16. Ndb1 {1-0 (73) Granda Zuniga,J (2631)-Stamenkovic,D (2383) Caioba 2018}) 10... bxc4 11. bxc4 Rb8 12. Qc1 Qb6 13. Nd1 O-O 14. c5 Qb5 15. Re1 Bd8 16. Bc3 Qa4 (16... Re8 {feels hotter.} 17. f4 Qa4 18. Nb2 Qa6 19. Nd1 Qa4) 17. Nb2 Qc2 (17... Qa3 {is more complex.} 18. Nd3 Qa6 19. Bf1 Bc7 20. Qd1 Rfe8) 18. Qxc2 Bxc2 19. Rec1 Bg6 20. Nb3 Rb5 21. e3 Ne4 22. Be1 e5 23. Na4 (23. Bh3 $5 {[%cal Rh3d7]} Rb7 24. Bxd7 Rxd7 25. dxe5 $11) 23... Rb8 24. h4 Be7 (24... Re8 $11) 25. f3 Nef6 26. Bf1 Bd8 27. dxe5 Nxe5 28. Nd4 Rc8 {[%cal Bb8c8,Bc8c7,Bc7d7,Bd7d8,Bd8e8][%mdl 32]} 29. Ba6 Rc7 30. Ba5 Rd7 31. Bxd8 Rdxd8 32. f4 (32. Rc3 $14) 32... Neg4 $1 $11 33. Nxc6 Rde8 34. Ne5 Nxe5 35. fxe5 Rxe5 36. c6 Rxe3 37. c7 Bf5 ({Of course not} 37... Rxg3+ $6 38. Kh2 $16) 38. c8=Q Bxc8 (38... Rxg3+ {looks sharper.} 39. Kh1 Bxc8 40. Rxc8 Rxc8 41. Bxc8 Ra3) 39. Rxc8 Rxg3+ 40. Kh2 Ra3 41. Rxf8+ $1 Kxf8 42. Bb5 {[%mdl 8192]} (42. Nc5 $11) 42... Ng4+ $2 (42... a6 $1 $19 {[%cal Ra6b5]} 43. Bc6 Ng4+ 44. Kg2 Ne5 45. Bxd5 Rxa4) 43. Kg2 a6 44. Bd7 Ne5 45. Nb6 Ke7 46. Ba4 d4 ({Black should play} 46... Nc4 $14 47. Nxd5+ Kd6) 47. Bb3 $16 {aiming for Re1.} Ra5 48. Re1 {Strongly threatening Nc4.} f6 49. Nc4 Rb5 50. Nxe5 (50. Re4 $142) 50... fxe5 {[%mdl 4096] Endgame KRB-KR} (50... Rxe5 $142 51. Rxe5+ fxe5) 51. Kf3 $1 Kd6 52. Ke4 Rb4 (52... Rc5 $16 {was worth a try.}) 53. h5 $18 a5 54. Rg1 (54. Rc1 $1 $18) 54... a4 $16 55. Bg8 Rb2 56. Rxg7 Re2+ 57. Kd3 Re3+ {[#]} (57... Re1 $16) 58. Kc4 $1 $18 Rc3+ {[#]} 59. Kb4 $1 Rc1 $2 (59... e4 {was called for.} 60. Rg6+ (60. Kxa4 $2 d3 $19) 60... Ke5) 60. Rg6+ Kd7 {Now ...d3 and Black clings on.} 61. Be6+ Ke7 $2 (61... Kc7 62. Bf5 (62. Kxa4 d3 $16) 62... Rf1) 62. Bc4 {White is clearly winning.} Re1 63. Kc5 Rh1 64. Rxh6 Kf8 65. Kd5 Rh2 66. Kxe5 Kg7 67. Rg6+ Kh7 68. Kxd4 Rxh5 69. Ra6 Rh4+ 70. Kc3 Rh3+ 71. Bd3+ Kg7 72. Rxa4 {Weighted Error Value: White=0.16/Black=0.34} 1-0

[Event "1st Charlotte Masters 2021"]
[Site "Charlotte"]
[Date "2021.02.16"]
[Round "6.5"]
[White "Wang, Tianqi"]
[Black "Chiu, Isaac"]
[Result "1-0"]
[WhiteElo "2307"]
[BlackElo "2209"]
[Annotator "TA"]
[PlyCount "111"]
[EventDate "2021.02.12"]
[EventType "swiss"]
[EventCountry "USA"]
[SourceTitle "playchess.com"]
[Source "ChessBase"]
[SourceQuality "1"]

{[%evp 9,110,37,29,31,35,43,53,14,16,12,49,16,10,17,8,0,0,-4,0,16,23,21,22,-20,0,-44,-53,-55,-52,-80,-72,-115,-104,-133,-72,-61,0,-103,0,0,25,-49,63,49,140,99,104,98,210,107,233,124,178,183,169,120,287,119,196,170,177,133,167,6,22,35,151,0,0,0,4,0,87,86,109,79,311,265,597,608,606,579,1528,1518,1356,1161,29984,29985,29985,29986,29984,29980,29978,29979,29982,29983,29993,29994,29995,29996,29996,29997,29999]} 1. e4 g6 2. d4 Bg7 3. Nc3 d6 4. Be3 a6 5. g4 b5 6. Bg2 {B06: Modern Defence.} Bb7 7. h4 h6 8. Nce2 {[#] White is slightly better.} Nd7 $146 ({Predecessor:} 8... Nf6 9. Ng3 Qc8 10. f3 Nbd7 11. N1e2 c5 12. c3 e6 13. Qd2 Nb6 14. b3 Nfd7 {1-0 (33) Oliveira,S (2304)-Chernomordik,P (2177) Chess.com INT 2020}) 9. Ng3 e6 10. Qe2 c5 11. O-O-O Qc7 12. Nh3 Ne7 13. f4 O-O-O 14. Kb1 Nb6 15. c3 Kb8 16. Rhf1 f5 17. h5 (17. Nf2 {seems wilder.} Nc4 18. dxc5 d5 19. exf5 exf5 20. Nd3) 17... cxd4 18. Bxd4 Bxd4 19. Rxd4 fxg4 {White must now prevent ...e5.} 20. Qxg4 {[%mdl 64] Double Attack} gxh5 21. Nxh5 (21. Qxe6 $2 Rhg8 $19) 21... Rhg8 ({Black should try} 21... e5 22. Rdd1 Rhg8) 22. Qe2 $17 Nc6 (22... Nc4 $15 23. Rc1 d5) 23. Rdd1 (23. Rd3 $1 $11) 23... Qf7 (23... Na4 $17 {Hoping for ...Na5.} 24. f5 Ne5) 24. Bf3 $11 Nc4 25. b3 (25. Nf2 $11) 25... Nb6 (25... Na3+ $1 $15 26. Kb2 b4) 26. Qe3 $14 Kc7 ({Black should play} 26... Qc7 $14) 27. Kb2 d5 28. e5 Ne7 (28... Nd7 $16) 29. Qc5+ (29. Nf6 $1 $18) 29... Bc6 (29... Nc6 $16 {might work better.}) 30. Nf2 (30. Nf6 $18) 30... Nf5 (30... Nd7 $16 31. Qa7+ Bb7) 31. Nd3 {aiming for Nb4.} Kb7 32. Qf2 Rc8 $2 (32... Nd7 $16) 33. Rg1 (33. Nf6 $18) 33... Nd7 (33... Rxg1 $16 34. Rxg1 d4) 34. Rxg8 $1 $18 Rxg8 35. Nb4 Qe7 36. Rg1 $2 (36. Nf6 $1 $18 Nxf6 37. Qa7+ $3 {[%mdl 576] Double Attack} (37. exf6 Qxf6 38. Nxc6 Kxc6 $14) 37... Kc8 38. Qxe7 (38. Nxc6 Qxa7 39. Nxa7+ Kb7 $16) (38. Qxa6+ Qb7 $16) 38... Nxe7 39. exf6) 36... Rxg1 $11 37. Qxg1 Nc5 ({Better is} 37... Qc5 $14 38. Qe1 a5) 38. Be2 $2 (38. Nf6 $16) 38... a5 39. Nd3 Ne4 40. Bf3 Qh4 {[#]} (40... Be8 $11 {remains equal.}) 41. Ng7 $1 $16 {Black is on the road to losing.} Nxg7 42. Qxg7+ Kb6 $2 (42... Kb8 $16) 43. Qg1+ $18 Kc7 $2 {[#]} (43... Kb7 {is a better chance.} 44. Bxe4 dxe4 45. Nc5+ {[%mdl 64] Double Attack} Kc8 46. Nxe6 (46. Qg8+ Qd8 $16) 46... b4 47. Qg8+ Kb7 48. Qg7+ Ka6) 44. Qa7+ $1 Kc8 45. Qa6+ Kd7 {intending ...Qh2+.} 46. Bxe4 {Threatening mate with Nc5+.} dxe4 47. Nc5+ Kc7 48. Qxa5+ {White mates.} Kc8 49. Qa6+ Kc7 50. Nxe6+ Kd7 51. Nd4 {[%mdl 64] Double Attack} Qf2+ 52. Ka3 e3 53. Qxc6+ {[%mdl 64] Double Attack} Ke7 54. Nf5+ {[%mdl 64] Double Attack} Kd8 55. e6 {[%csl Gf5][%cal Re6e7]} Qd2 56. e7# {Weighted Error Value: White=0.31/Black=0.56} 1-0

[Event "1st Charlotte Masters 2021"]
[Site "Charlotte"]
[Date "2021.02.16"]
[Round "6.6"]
[White "Posthuma, Joshua"]
[Black "Park, Evan"]
[Result "1/2-1/2"]
[WhiteElo "2307"]
[BlackElo "2207"]
[Annotator "TA"]
[PlyCount "99"]
[EventDate "2021.02.12"]
[EventType "swiss"]
[EventCountry "USA"]
[SourceTitle "playchess.com"]
[Source "ChessBase"]
[SourceQuality "1"]

{[%evp 16,99,19,19,37,43,46,48,31,39,33,0,6,12,64,14,6,-64,-51,-52,-41,-45,-44,-44,-27,-80,-79,-75,-80,-81,-70,-79,-79,-82,-80,-103,-62,-67,-64,-56,0,0,0,0,0,0,110,119,136,-68,-66,-65,-62,-54,-54,-95,-23,-24,-24,-24,-20,-190,90,90,86,66,75,77,160,28,25,23,32,23,85,85,85,0,85,23,37,33,85,0,42,0]} 1. d4 f5 2. c4 Nf6 3. g3 g6 4. Bg2 Bg7 5. Nc3 O-O 6. Nh3 d6 7. Nf4 Na6 8. d5 Nc5 9. O-O g5 {A86: Dutch Defence: Leningrad System: Unusual lines and 5 Nh3.} 10. Nd3 Nce4 11. Nxe4 fxe4 12. Nb4 h6 {[#]} 13. Be3 $146 ({Predecessor:} 13. Nc2 e6 14. dxe6 Bxe6 15. b3 Bf7 16. Bb2 Re8 17. Ne3 Qd7 18. Qd2 Rad8 19. Rad1 Qe6 20. Bxf6 Bxf6 21. Nd5 Rd7 22. Bh3 Qxh3 23. Nxf6+ Kg7 24. Nxe8+ {1-0 (24) Jiretorn,E (2096)-Rubene,I (2218) Skelleftea 2000}) 13... a5 14. Nc2 c5 (14... e5 $11) 15. a4 Qe8 16. Qd2 (16. Bd2 $11) 16... Ng4 17. f3 Ne5 18. b3 Qh5 {[%cal Re4f3]} 19. g4 Qg6 ({Of course not} 19... Bxg4 20. fxg4 Nxg4 21. h3 $11) 20. Rae1 (20. h3 $11) 20... Bd7 $17 21. h3 exf3 22. exf3 Nd3 23. Re2 Be5 24. Rd1 Nf4 25. Rf2 h5 26. Ne1 $1 Qh6 27. Nd3 hxg4 (27... Bg7 $15) 28. Nxe5 $11 g3 $1 {[%cal Rg3f2]} 29. Nxd7 gxf2+ 30. Qxf2 Rf7 (30... Rfd8 $11) 31. Kh2 $16 Rd8 32. Nxc5 (32. Nb6 $16) 32... dxc5 $15 33. Bxc5 Rdf8 34. d6 exd6 35. Rxd6 Qh5 ({Better is} 35... Qh7 $1 $17) 36. Qg3 Nxg2 37. Rd5 {[#]} Rf5 {Threatens to win with ...Nf4.} 38. Bxf8 $2 (38. Kxg2 $11 Rxd5 39. cxd5) (38. Rxf5 Rxf5) 38... Rxd5 $2 ({Black should play} 38... Ne3 $19 39. Rxf5 Nf1+ {[%mdl 64] Double Attack} 40. Kg2 Nxg3 41. Kxg3 Qh4+ 42. Kg2 Qh7 43. Rxg5+ Kxf8) 39. cxd5 $16 Nh4 40. Be7 {Hoping for Qg4.} (40. Bc5 {seems wilder.} Nxf3+ 41. Kg2 Nh4+ 42. Kf2 Qf7+ 43. Ke2) 40... Nxf3+ 41. Kh1 Qf7 {[#]} 42. Bxg5 ({Only move:} 42. Qd6 $1 $16) 42... Qxd5 $11 43. Be3+ Kf7 $1 44. Qc7+ Kg6 (44... Ke6 $11 {keeps the balance.} 45. Qc8+ Kf7 46. Qc7+ Ke6 47. Qb6+ Kf7) 45. Qb6+ Kf7 46. Qc7+ Kg6 {[#] ( -> ...Nh4+)} 47. Qc2+ (47. Qc4 $1 $16 {[%cal Rc4d5]} Qxc4 48. bxc4) 47... Kf6 $1 {And now ...Ne1+ would win.} 48. Qc3+ Kg6 (48... Ke6 $1 $14 49. Qc8+ Kf7) 49. Qc2+ Kf6 $1 {aiming for ...Ne1+.} 50. Qc3+ {Weighted Error Value: White=0.42/Black=0.22} 1/2-1/2